000 00612nam a22002057a 4500
005 20251108173254.0
008 250721s2006 xx 000 0 ara d
082 1 4 _a928.103/باو
100 1 _aالباوي، إياد إبراهيم
245 1 0 _aمعجم ألقاب الشعراء /
264 1 _aعمان :
_bمركز الكتاب الاكاديمي،
_c2006.
300 _a103 ص.
650 1 7 _aالشعراء
650 1 7 _aالادب العربي
650 1 7 _aالقاب
650 1 7 _aالعصر الجاهلي
650 1 7 _aالعصر الإسلامي
942 _2ddc
_cBK
999 _c100053
_d100053